El palacio de la sabiduría / (Record no. 53857)

MARC details
000 -LEADER
campo de control de longitud fija 00791nam a2200253 i 4500
001 - NÚMERO DE CONTROL
campo de control 53857
003 - IDENTIFICADOR DE NÚMERO DE CONTROL
campo de control ES-MaACL
005 - FECHA Y HORA DE LA ÚLTIMA TRANSACCIÓN
campo de control 20240420063023.0
007 - CAMPO FIJO DE DESCRIPCIÓN FÍSICA--INFORMACIÓN GENERAL
campo de control de longitud fija t|
008 - DATOS DE LONGITUD FIJA--INFORMACIÓN GENERAL
campo de control de longitud fija 031114s2001 sp ||||0| spa d
020 ## - NÚMERO INTERNACIONAL ESTÁNDAR DEL LIBRO
Número Internacional Estándar del Libro 84-95498-40-5
040 ## - FUENTE DE CATALOGACIÓN
Centro catalogador/agencia de origen M-BN
Lengua de catalogación spa
Centro/agencia transcriptor M-BN
080 ## - NÚMERO DE LA CLASIFICACIÓN DECIMAL UNIVERSAL
Número de la Clasificación Decimal Universal 821.134.2-14"19"
080 ## - NÚMERO DE LA CLASIFICACIÓN DECIMAL UNIVERSAL
Número de la Clasificación Decimal Universal 821.134.2-34"19"
100 0# - ENTRADA PRINCIPAL--NOMBRE DE PERSONA
Nombre de persona Martínez Torrón, Diego,
Fechas asociadas al nombre 1950-
9 (RLIN) 78451
245 13 - MENCIÓN DEL TÍTULO
Título El palacio de la sabiduría /
Mención de responsabilidad, etc. Diego Martínez Torrón ; prólogo de Jaime Siles.
260 ## - PUBLICACIÓN, DISTRIBUCIÓN, ETC.
Lugar de publicación, distribución, etc. Madrid :
Nombre del editor, distribuidor, etc. SIAL,
Fecha de publicación, distribución, etc. [2001]
300 ## - DESCRIPCIÓN FÍSICA
Extensión 124 p ;
Dimensiones 21 cm.
490 1# - MENCIÓN DE SERIE
Mención de serie Contrapunto ;
Designación de volumen o secuencia 31
700 1# - ENTRADA AGREGADA--NOMBRE PERSONAL
Nombre de persona Siles, Jaime,
Fechas asociadas al nombre 1951-
9 (RLIN) 106338
830 0# - PUNTO DE ACCESO ADICIONAL DE SERIE-TÍTULO UNIFORME
Título uniforme Contrapunto ;
Designación de volumen o secuencia 31
9 (RLIN) 176671
852 ## - LOCALIZACIÓN
Ubicación ES-MaACL
Número de control de estantería L-26651
Sublocalización o colección R.132212
condición física . - Ded. autog. del autor
Holdings
Estatus retirado Estado de pérdida Estado de daño No para préstamo Biblioteca de origen Biblioteca actual Ubicación en estantería Fecha de adquisición Fuente de adquisición Total de préstamos Signatura topográfica completa Código de barras Visto por última vez Precio de reemplazo Tipo de ítem Koha
        Biblioteca del Ateneo de Madrid Biblioteca del Ateneo de Madrid Depósito 2 17/01/2008     L-26651 1056600 23/02/2023 23/02/2023 Libro impreso